| 000 | 01135nac a22003497a 4500 | ||
|---|---|---|---|
| 001 | BR8206741 | ||
| 003 | BR-BrBNA | ||
| 005 | 20240105115548.0 | ||
| 008 | 230509b bl.|||m| |||| 00| 0 por d | ||
| 040 |
_aBR-BrBNA _bpor _cBiblioteca Nacional de Agricultura |
||
| 072 | _aE15; F00 | ||
| 090 | _a0716 BR8206741 | ||
| 100 | 1 | _aRocha, D.M. da | |
| 100 | 1 | _aRigueira, F.L. | |
| 100 | 1 | _aTeixeira, S.M. | |
| 100 | 1 | _aFortes, J.M. | |
| 110 | 1 |
_aUniversidade Federal de Vicosa, MG (Brasil). Conselho de Extensao _910969 |
|
| 245 | 1 | _aFruteiras temperadas como alternativas para a agricultura de baixa renda na Zona da Mata, Minas Gerais [pessego, ameixa, nectarina, Brasil] | |
| 260 | 3 |
_aVicosa, MG (Brasil): _c1982. |
|
| 300 | _a8 p. | ||
| 490 |
_aInforme Tecnico - Universidade Federal de Vicosa. Conselho de Extensao (Brazil) _vno. 22 _x |
||
| 500 | _a6 ref. | ||
| 650 | _aPESSEGO | ||
| 650 | _aAMEIXA | ||
| 650 | _aNECTARINA | ||
| 650 | _aPRODUTIVIDADE | ||
| 650 | _aBAIXA RENDA | ||
| 650 | _aZONA DA MATA | ||
| 650 | _aMINAS GERAIS | ||
| 909 |
_a202312 _bLúcia Elande _c55 _dLúcia Elande |
||
| 942 |
_2AGRIS _n0 _cMS |
||
| 999 |
_c275331 _d275331 |
||